000
00332nam a2200145Ia 4500
005
20251222143209.0
008
251222s9999||||xx |||||||||||||| ||spa||
020
_a
8423120139
082
_a
618.2/M26
100
_a
Marion, S.
245
0
_a
Guía del Embarazo:
250
_a
1ra. ed.
264
_b
Ediciones Daimon
942
_c
LIB
999
_c
13381
_d
13381